The History of the Adventures of Joseph Andrews (Record no. 13854)

MARC details
000 -LEADER
fixed length control field 00402nam a22001577a 4500
003 - CONTROL NUMBER IDENTIFIER
control field OSt
008 - FIXED-LENGTH DATA ELEMENTS--GENERAL INFORMATION
fixed length control field 260224b |||||||| |||| 00| 0 eng d
020 ## - INTERNATIONAL STANDARD BOOK NUMBER
International Standard Book Number 9788124800669
082 ## - DEWEY DECIMAL CLASSIFICATION NUMBER
Classification number 823.5 FIJ
100 ## - MAIN ENTRY--PERSONAL NAME
Personal name FIELDING,Henry
245 ## - TITLE STATEMENT
Title The History of the Adventures of Joseph Andrews
250 ## - EDITION STATEMENT
Edition statement 1st Ed Reprint
260 ## - PUBLICATION, DISTRIBUTION, ETC. (IMPRINT)
Place of publication, distribution, etc New Delhi
Name of publisher, distributor, etc Peacock Classics
Date of publication, distribution, etc 2025
300 ## - PHYSICAL DESCRIPTION
Extent 335p
942 ## - ADDED ENTRY ELEMENTS (KOHA)
Source of classification or shelving scheme Dewey Decimal Classification
Koha item type Reference Books
Holdings
Withdrawn status Lost status Source of classification or shelving scheme Damaged status Not for loan Collection code Home library Current library Date acquired Source of acquisition Currency Cost, normal purchase price Bill Number Total Checkouts Full call number Acc. no. / Barcode Date last seen Actual Cost, discounted price Bill Date Koha item type Public note
    Dewey Decimal Classification     GENERAL PIET C-LIBRARY PIET C-LIBRARY 06/02/2026 Zafaa Books and Distributors INR 295.00 ZBD0431   823.5 FIJ 39893 24/02/2026 236.00 06/02/2026 Reference Books Decentrilization

Design & Developed by: PIET Central Library
R70 Miles Stone Pattikalyana Samalkha Panipat 132102
mail ID :- [email protected], Phone No:- 0180-2569700 Ex.216